000 00387nam a2200157 i 4500
001 bg
100 1 _aBUKUR, Ion
245 0 _aVvedenie v teoriju kategorij i funktorov /
_cJ. Bukur, A. Deljany.
260 _aMoskva :
_b"MIR",
_c1972.
700 1 _aDELJANY, Aristid
040 _cBPK
041 _apol
080 _a512.58
942 _cKS
008 s pl f |000 0 pol
999 _c14644
_d14644
856 _uhttp://koha.tu.koszalin.pl/cgi-bin/koha/opac-detail.pl?biblionumber=14644
_yKatalog online BPK